The Jynxzi Quiz - Statistics

General Stats
  • This quiz has been taken 63 times
  • The average score is 11 of 16
Answer Stats
Hint Answer % Correct
Mobile game he started playing in mid 2025 Clash Royale
94%
US state that he lives in Florida
92%
Game he is most famous for and is also known for "reviving" Tom Clancys Rainbow Six Siege
92%
His stream moderator Hivise
90%
Sport he played as a kid Soccer
85%
His favorite number 7
79%
Siege Operator whos "Black Ice" gun cosmetic he has been trying to unlock for the past 6-8 years Jager
73%
Bird Species that his stream moderator has trolled him with before Pidgeon
71%
Female rapper who he praises and says is mad fine Ice Spice
69%
His favorite NFL team Tampa Bay Buccaneers
69%
Someone from Slovakia once sent him one of these in a fanmail stream (its something that the human body produces) Poop
67%
Fellow Twitch streamer he is close friends with and has also collaborated with CaseOh
63%
His real name Nick Stewart
60%
Mammal that his stream moderator has also trolled him with before Sea Otter
42%
Nickname his moderator gave the above Ronnie
38%
Nickname his moderator gave the above Michael
15%
No matching quizzes found
Score Distribution
Percent of People with Each Score
Percentile by Number Answered
Your Score History
You have not taken this quiz